Największe miasta w Niemczech A-Z - Statystyki

Ogólne statystyki
  • Ten quiz został rozwiązany 133 razy
    122 od ostatniego zresetowania
  • Średni wynik to 12 z 22
Statystyki odpowiedzi
- Miasto Liczba
ludności
% Poprawnych
B Berlin 3 430 000
99%
M Monachium 1 320 000
96%
H Hamburg 1 770 100
90%
D Dortmund | Düsseldorf 580 000
88%
K Kolonia 1 000 000
87%
L Lipsk 520 000
75%
F Frankfurt nad Menem 660 000
70%
E Essen 580 000
68%
N Norymberga 500 000
66%
S Stuttgart 600 000
66%
R Rostock 200 000
46%
A Augsburg 270 000
40%
J Jena 100 000
39%
U Ulm 120 000
37%
C Chemnitz 250 000
33%
P Poczdam 150 000
30%
Z Zwickau 90 000
28%
W Wuppertal 350 000
25%
G Gelsenkirchen 260 000
24%
I Ingolstadt 120 000
24%
T Trewir 105 000
13%
O Oberhausen 220 000
11%
Nie znaleziono quizów pasujących do podanych kryteriów
Rozkład punktacji
Procent ludzi z każdym wynikiem
Percentyl według liczby udzielonych odpowiedzi
Twoja historia wyników
Nie rozwiązałeś tego quizu od ostatniego zresetowania